Manco per sogno /

Guardat en:
Dades bibliogràfiques
Autor principal: Alemagna, Beatrice (Autor)
Altres autors: Martinucci, Anna (Tècnic gràfic), Topi, Lisa (Traductor)
Format: Llibre
Idioma:italià
Publicat: Milano : Topipittori, 2021
Col·lecció:Albi
Etiquetes: Afegir etiqueta
Sense etiquetes, Sigues el primer a etiquetar aquest registre!

MARC

LEADER 00000nam a22000007i 4500
001 IT\ICCU\RAV\2134604
003 ItRI
005 20260115232058.0
008 210910s2021 it |||||| |||||1|||||c
020 |a 9788833700755 
040 |b ita  |c importazione bologna sebina 
041 7 |a ita  |2 ISO-639-2 
082 |a 843.92  |9 NARRATIVA FRANCESE, 2000-  |2 23 
100 1 |a Alemagna, Beatrice  |0 IT\ICCU\URBV\091041  |4 aut 
240 1 0 |a Même pas en rêve!  |3 IT\ICCU\RAV\2134597  |9 Alemagna, Beatrice 
245 1 0 |a Manco per sogno /  |c Beatrice Alemagna. 
260 |a Milano :  |b Topipittori,  |c 2021 
300 |a 1 volume (senza paginazione) :  |b ill. ;  |c 27 cm 
500 |a [Il titolo della collana si ricava dal sito editoriale]  |9 IT\ICCU\PAR\0725337 
500 |a Traduzione di Lisa Topi 
700 1 |a Martinucci, Anna  |0 IT\ICCU\LO1V\372795  |4 grt 
700 1 |a Topi, Lisa  |0 IT\ICCU\RCAV\265460  |4 trl 
752 |a it   |d Milano 
830 0 |a Albi  |0 IT\ICCU\PAR\0725337 
942 |2 ddc  |c BK  |n 0 
952 |0 0  |1 0  |4 0  |6 R_741_642000000000000_ALE  |7 0  |9 19663  |a BO  |b BO  |d 2026-01-15  |i 19459  |l 0  |o R 741.642 ALE  |p BO19459  |r 2026-01-15 23:20:58  |w 2026-01-15  |x [Sebina 5] [1 v.]  |y BK  |z 1 v. 
999 |c 16762  |d 16762